World City by Clue - Statistics

General Stats
  • This quiz has been taken 23 times
  • The average score is 23 of 27
Answer Stats
Hint
City
% Correct
6) Acropolis Athens
100%
22) Guiness factory Dublin
100%
3) Big Ben London
100%
1) Hollywood Los Angeles
100%
7) Christ the Redeemer Rio De Janeiro
100%
16) Golden Gate Bridge San Francisco
100%
19) Mt Fuji Tokyo
100%
14) Anne Frank house Amsterdam
96%
9) Sagrada Familia Barcelona
96%
5) Brandenburg Gate Berlin
96%
24) Colosseum Rome
96%
12) Opera house Sydney
96%
2) Forbidden City Beijing
91%
17) Burj Khalifa Dubai
91%
18) Petronas Towers Kuala Lumpur
91%
8) Monte Carlo Monaco
91%
13) St Basils Moscow
91%
4) Catacombs Paris
91%
25) Sistine Chapel Vatican City
91%
20) Oriental Pearl Tower Shanghai
74%
10) Carthage ruins Tunis
74%
11) Table Mountain Cape Town
70%
15) Hallgrimskirkja Reykjavik
70%
17) Alamo San Antonio
70%
16) Freedom Tower New York City
65%
21) Huangdi warriors Xian
48%
23) Q1 Tower Gold Coast
13%
No matching quizzes found
Score Distribution
Percent of People with Each Score
Percentile by Number Answered
Your Score History
You have not taken this quiz